Taco Hemingway - Najpopularniejsze na Spotify - Statystyki

Ogólne statystyki
  • Ten quiz został rozwiązany 805 razy
    801 od ostatniego zresetowania
  • Średni wynik to 5 z 10
Statystyki odpowiedzi
Lp. Utwór Liczba odtworzeń % Poprawnych
1. TACONAFIDE - Tamagotchi 41 037 099
83%
5. TACONAFIDE - 8 kobiet - Remix 35 384 730
71%
9. Taco Hemingway - Następna stacja 22 488 592
65%
4. Taco Hemingway - Polskie Tango 37 848 255
64%
2. Taco Hemingway - W PIĄTKI LEŻĘ W WANNIE feat. Dawid Podsiadło 39 738 238
61%
6. Taco Hemingway - Fiji 31 192 313
49%
10. Taco Hemingway - Chodź 22 211 823
29%
7 Taco Hemingway - LECI NOWY FUTURE 29 975 429
20%
3. Bedoes - Chłopaki nie płaczą feat. Taco Hemingway 37 964 304
16%
8. Quebonafide - TOKYO2020 29 212 900
10%
Nie znaleziono quizów pasujących do podanych kryteriów
Rozkład punktacji
Procent ludzi z każdym wynikiem
Percentyl według liczby udzielonych odpowiedzi
Twoja historia wyników
Nie rozwiązałeś tego quizu od ostatniego zresetowania